Scored Multiple Goals vs Chelsea Premier League Era Quiz Stats

 Plays Quiz not verified by Sporcle

Challenge
Share
Tweet
Embed
Score 0/160 Timer 20:00
0 Plays Today
Number Of Goals Player % Correct
2Nick Henry
100%
8Alan Shearer
100%
8Thierry Henry
100%
6Wayne Rooney
96.7%
7Robin Van Persie
96.7%
7Louis Saha
90%
6Andy Cole
86.7%
7Carlos Tevez
86.7%
2Dimitar Berbatov
86.7%
6Paul Scholes
85%
2Ryan Giggs
85%
7Dion Dublin
83.3%
5Michael Owen
83.3%
5Jermain Defoe
83.3%
7Teddy Sheringham
81.7%
5Robbie Fowler
81.7%
5Dwight Yorke
81.7%
4Dennis Bergkamp
81.7%
2Marcus Bent
81.7%
4Darren Bent
81.7%
7Emile Heskey
80%
7Sergio Aguero
80%
7Ian Wright
78.3%
5Fernando Torres
76.7%
2David Phillips
75%
5Kevin Phillips
75%
2Steven Gerrard
75%
3Les Ferdinand
71.7%
3Robbie Keane
71.7%
4David Beckham
70%
6James Beattie
70%
5Kevin Davies
68.3%
4Nwankwo Kanu
68.3%
3Ruud Van Nistelrooy
68.3%
3Mark Viduka
66.7%
2Peter Crouch
66.7%
3Emmanuel Adebayor
63.3%
4Kevin Campbell
61.7%
2Sol Campbell
61.7%
6Craig Bellamy
61.7%
4Papiss Cisse
61.7%
3Ole Gunnar Solskjaer
60%
3Eric Cantona
58.3%
4Chris Sutton
56.7%
2Luis Suarez
56.3%
3Jimmy Floyd Hasselbaink
55%
3Yakubu
55%
2Mark Hughes
53.3%
2Ian Rush
53.3%
2Stephen Hughes
53.3%
4Paolo Di Canio
53.3%
4Javier Hernandez
51.7%
2Gabriel Agbonlahor
50%
2Grant Holt
48.3%
Number Of Goals Player % Correct
4Christian Benteke
48.1%
4Efan Ekoku
46.7%
4Jason Euell
46.7%
2Andy Carroll
44.4%
4Muzzy Izzet
43.3%
2Kevin Nolan
43.3%
4Clint Dempsey
43.3%
3Stan Collymore
41.7%
3Gary Speed
41.7%
2William Gallas
41.7%
3Chris Armstrong
40%
2Steve McManaman
40%
5Patrik Berger
40%
2Darren Huckerby
40%
2Niall Quinn
40%
3Marcus Stewart
40%
4Frederic Kanoute
40%
2James Morrison
40%
3Brian Deane
38.3%
3Gary McAllister
38.3%
2Robbie Earle
36.7%
2Kevin Gallacher
36.7%
2Dean Holdsworth
36.7%
2David Dunn
36.7%
2Scott Parker
35%
2Jonjo Shelvey
35%
3Paul Merson
33.3%
2Nemanja Vidic
33.3%
2Rickie Lambert
33.3%
2Matthew Taylor
31.7%
3Theo Walcott
31.7%
2Jamie Redknapp
30%
3Noel Whelan
30%
3Paul Kitson
30%
2Dean Windass
30%
3Shane Long
29.3%
2Dean Saunders
28.3%
2Mark Bright
28.3%
2David Unsworth
28.3%
2Darius Vassell
28.3%
2Heidar Helguson
28.3%
6Steven Naismith
26.9%
2David Hirst
26.7%
3Rory Delap
26.7%
2Jonathan Johansson
26.7%
2Luis Boa Morte
26.7%
2Harry Kane
26.3%
2Ruel Fox
25%
3Tony Yeboah
25%
2John Hartson
25%
2Jay Rodriguez
25%
3Peter Ndlovu
23.3%
2Zoltan Gera
23.3%
2Brian McClair
21.7%
Number Of Goals Player % Correct
3Tim Sherwood
21.7%
2Stephen Ireland
20.8%
2Rob Lee
20%
4Don Hutchison
20%
2Marcus Gayle
20%
2Steve Guppy
20%
2Benjani
20%
2Peter Odemwingie
19.5%
2Rod Wallace
18.3%
3Mark Pembridge
18.3%
2Jermaine Pennant
18.3%
3James Collins
18.3%
3Mark Robins
16.7%
2Julian Dicks
16.7%
2Bradley Allen
15%
4Mike Newell
15%
2David Thompson
15%
2Edu
15%
2Adam Le Fondre
14.3%
2Moussa Sissoko
14.3%
2Philippe Coutinho
14.3%
4Ashley Ward
13.3%
2Lee Hendrie
13.3%
3Paul Rideout
11.7%
4James Scowcroft
11.7%
3Shaun Maloney
11.7%
2Gylfi Sigurdsson
11.5%
2Steven Pienaar
10.8%
2Iain Dowie
10%
2Neil Ruddock
10%
2Stephen McPhail
8.3%
2Hermain Hreidarsson
8.3%
2David Wetherall
6.7%
2Chris Bart-Williams
6.7%
2Olivier Kapo
6.7%
2Jermaine Beckford
6.7%
2Jonas Gutierrez
5.7%
2Mike Sheron
5%
2Luke Moore
5%
2Titus Bramble
5%
2Jason Puncheon
4.2%
2Marcus Allback
3.3%
2Gary Bannister
1.7%
2Dane Whitehouse
1.7%
2Aljosa Asanovic
1.7%
2Jo Tessem
1.7%
2Danny Cadamarteri
1.7%
2Steve Morgan
0%
2Tommy Widdrinton
0%
2Horacio Carbonari
0%
2Allan Smart
0%
2Cedric Roussel
0%

You're not logged in!

Compare scores with friends on all Sporcle quizzes.
Join for Free
OR
Log In

You Might Also Like...

Show Comments

Extras

Top Quizzes Today


Score Distribution

Your Account Isn't Verified!

In order to create a playlist on Sporcle, you need to verify the email address you used during registration. Go to your Sporcle Settings to finish the process.

Report this User

Report this user for behavior that violates our Community Guidelines.

Details: